| 000 | 01090nam a2200241Ia 4500 | ||
|---|---|---|---|
| 003 | Ost | ||
| 005 | 20260507075547.0 | ||
| 008 | 260507s9999||||xx |||||||||||||| ||und|| | ||
| 040 | _cfsecg | ||
| 041 | _aara | ||
| 082 | _a601.83 | ||
| 100 |
_aالسالمي، علاء عبد الرزاق _eمؤلف |
||
| 245 | 0 |
_aتكنولوجيا المعلومات / _c علاء عبد الرزاق السالمي |
|
| 250 | _aطبعة 2 | ||
| 260 |
_aعمان: _bدار المناهج للنشر والتوزيع, _c2007 |
||
| 300 |
_a486 صفحة؛ _bإيضاحات ؛ _c24 سم |
||
| 504 | _aبيبليوغرافيا: ص ص.483-486 | ||
| 520 | _aيضم المدخل لتكنولوجيا، المكتب ومستلزماته من تكنولوجيا المعلومات، معالجة البيانات، الأجهزة، البرمجيات المستخدمة، شبكات العمل، حماية البيانات، الأنترنت | ||
| 653 | _aالتكنولوجيا | ||
| 653 | _aالتكنولوجيا- خدمات المعلومات | ||
| 653 | _aالمعلومات | ||
| 942 | _cكتاب | ||
| 999 |
_c44897 _d44897 |
||